Vista normal
Vista MARC
Entrada Materia (tema)
Número de registros utilizados en: 1
001 - CONTROL NUMBER
- control field: 189231
003 - CONTROL NUMBER IDENTIFIER
- control field: Co-BoUCM
005 - DATE AND TIME OF LATEST TRANSACTION
- control field: 20260513113033.0
008 - FIXED-LENGTH DATA ELEMENTS
- fixed length control field: 260513|| aca||aabn | a|a d
040 ## - CATALOGING SOURCE
- Original cataloging agency: Co-BoUCM
- Transcribing agency: Co-BoUCM
150 ## - HEADING--TOPICAL TERM
- Topical term or geographic name as entry element: Colombia
- Form subdivision: Fuentes
- General subdivision: Historia
- Chronological subdivision: Colonia, 1550-1810
670 ## - SOURCE DATA FOUND
- Source citation: Work cat.: (Co-BoUCM)326400: Arango Puerta, Mauricio 189229, Fuentes para la historia de la guerra contra los indios pijaos, 1602-1604 / , 2024